1893 1246 1930 1860 1133 1142 1583 1968 1964 1275 1634 1991 1868 1960 1777 1868 1388 1884 1814 1628 1189 1650 1192 1871 1658 1827 2000 1008 1502 1541 1171 1949 1522 1877 1575 1284 1274 1537 1553 1622 1553 1503 1265 1420 1479 1046 1368 1208 1828 1227 1590 1167 1446 1331 1111 1209 1401 1216 1223 1434 1597 1352 1477 1857 1646 1708 1596 1099 1580 1040 1383 1355 1963 1452 1208 1888 1367 1771 1801 1148 1711 1682 1732 1347 1211 1003 1638 1379 1931 1786 1717 1944 1914 1929 1340 1160 1935 1357 1623 BCNSPRNW ULIB Ver.6.0+V

เปลี่ยนเป็นภาษาไทย

Change to English
 แสดงรายละเอียดบรรณานุกรม
  กลับหน้าหลัก

Brief Record : Get Marc (ISO 2709) : E-mail record : QR code < ปิดหน้าต่าง
LEADER : 00000nam 2200000uu 4500
001    13399127087
003     ULIB
008    191010s2560||||th 000 0 tha d
020    ^a9786162321733
060    ^aWS103^bฌ-ห
100    ^aเฌอ
245    ^aเหลืองอร่ามรวมใจ นิทานคำสอนของพ่อ (หลวง) ชุดท ที่ 2 เล่ม 1 (สองภาษา ไทย-อังกฤษ)
250    ^aพิมพ์ครั้งที่ 1
260    ^aกรุงเทพฯ :^bบริษัท บีเวล พับลิชชิ่ง จำกัด,^c2560
300    ^a12 หน้า;^b19 ซม.
650    ^aเด็ก^xการเรียนการสอน
945    ^p35^l0^i006275
999    ^aประนอม เกษจรัล
รายการนี้ยังไม่มีแท็ก
คุณยังไม่ได้ล็อกอิน คุณสามารถมีกิจกรรมร่วมกับเว็บไซต์ได้ แต่ต้องล็อกอินก่อน ::
  ล็อกอิน

รายการสื่อสารสนเทศ

ลำดับที่ ประเภท เลขเรียก/บาร์โค้ด สถานที่ สถานะ
1. วิทยาศาสตร์การแพทย์ และสุขภาพ
วิทยาศาสตร์การแพทย์ และสุขภาพ
WS103 ฌ-ห ฉ.1 
  Barcode: 006275
ห้องสมุดวิทยาเขตสวรรค์ประชารักษ์
►หนังสือทั่วไป
บนชั้น

รายการใกล้เคียง
    ผู้แต่ง [เฌอ]

BibComment


ยังไม่เคยถูกคอมเมนท์

คอมเมนท์ทรัพยากรรายการนี้
  คอมเมนท์: เหลืองอร่ามรวมใจ..


 Copyright 2026. Bcnsprnw @Library